banner-ar

تكنولوجيا التعبير في تشكيل ما بعد الحداثة / (Record no. 61544)

MARC details
000 -الفاتح
حقل البيانات ثابتة الطول 00971nam a22002537a 4500
005 - وقت وتاريخ اخر تعامل مع التسجيلة
رقم الضبط 20240530110505.0
008 - عناصر البيانات ثابتة الطول - معلومات عامة
حقل البيانات ثابتة الطول 150801s2013 jo o g b 000 0 ara d
017 ## - رقم الايداع القانونى
رقم الايداع القانونى 2102/6/2245
المصدر الاردن . دائرة المكتبات الوطنية
020 ## - الرقم الدولى المعيارى للكتب
الرقم الدولى المعيارى للكتاب 9789957761226
040 ## - مصدر الفهرسة
وكالة الفهرسة الأصلية EG-CaGPL
082 04 - رقم تصنيف ديوى العشرى
رقم الطبعة 21
رقم التصنيف 730\
رقم المادة أ ت
100 0# - المدخل الرئيسى - إسم شخصى
الإسم الشخصى الاء على عبود الحاتمى .
245 10 - بيان العنوان
العنوان تكنولوجيا التعبير في تشكيل ما بعد الحداثة /
بيان المسئوليه,etc الاء على عبود الحاتمى .
250 ## - بيان الطبعة
بيان الطبعة ط1 .
260 ## - PUBLICATION, DISTRIBUTION, ETC. (IMPRINT)
تاريخ النشر أو التوزيع 2012 .
300 ## - الوصف المادى
التعداد 176:
تفاصيل ماديه اخرى للوعاء ايض؛
أبعاد الوعاء 24 سم .
504 ## - تبصرة ببليوجرافية
تبصرة ببليوجرافية,الخ يحتوي علي ارجعات ببلجروفايات
650 04 - المدخل الاضافى بالموضوع-مصطلح موضوعى
مصطلح موضوعي حركة الفلوكسس .
650 04 - المدخل الاضافى بالموضوع-مصطلح موضوعى
مصطلح موضوعي الفن الكرافيتسى .
650 04 - المدخل الاضافى بالموضوع-مصطلح موضوعى
مصطلح موضوعي النحت .
650 04 - المدخل الاضافى بالموضوع-مصطلح موضوعى
مصطلح موضوعي السوبريالية .
942 ## - عناصر المدخل الإضافي( كوها)
مصدر التصنيف او مخطط الترفيف Dewey Decimal Classification
Koha [default] item type كتاب
260 ## - PUBLICATION, DISTRIBUTION, ETC. (IMPRINT)
-- عمان :
-- دار الرضوان للنشر والتوزيع ،
Holdings
حالة التراجع حالة الفقد حالة تلف ليس للاعارة المكان المؤقت الموقع الحالى تاريخ الاكتساب اجمالي اﻻعارات رقم الطلب الباركود تاريخ اخر مشاهدة تاريخ تفعيل السعر نوع وعاء كوها
        مكتبة القاهرة الكبرى مكتبة القاهرة الكبرى 10/07/2015   730\ أ ت 160867 10/07/2015 10/07/2015 كتاب

Powered By

EGPV